<?xml version="1.0" encoding="UTF-8"?><?xml-stylesheet type="text/xsl" href="static/style.xsl"?><OAI-PMH xmlns="http://www.openarchives.org/OAI/2.0/" xmlns:xsi="http://www.w3.org/2001/XMLSchema-instance" xsi:schemaLocation="http://www.openarchives.org/OAI/2.0/ http://www.openarchives.org/OAI/2.0/OAI-PMH.xsd"><responseDate>2026-04-13T01:12:17Z</responseDate><request verb="GetRecord" identifier="oai:www.recercat.cat:10459.1/58632" metadataPrefix="marc">https://recercat.cat/oai/request</request><GetRecord><record><header><identifier>oai:recercat.cat:10459.1/58632</identifier><datestamp>2024-12-05T21:21:41Z</datestamp><setSpec>com_2072_3622</setSpec><setSpec>col_2072_479130</setSpec></header><metadata><record xmlns="http://www.loc.gov/MARC21/slim" xmlns:dcterms="http://purl.org/dc/terms/" xmlns:xsi="http://www.w3.org/2001/XMLSchema-instance" xmlns:doc="http://www.lyncode.com/xoai" xsi:schemaLocation="http://www.loc.gov/MARC21/slim http://www.loc.gov/standards/marcxml/schema/MARC21slim.xsd">
   <leader>00925njm 22002777a 4500</leader>
   <datafield ind2=" " ind1=" " tag="042">
      <subfield code="a">dc</subfield>
   </datafield>
   <datafield ind2=" " ind1=" " tag="720">
      <subfield code="a">Garcia i Pausas, Jordi</subfield>
      <subfield code="e">author</subfield>
   </datafield>
   <datafield ind2=" " ind1=" " tag="720">
      <subfield code="a">Casals, Pere</subfield>
      <subfield code="e">author</subfield>
   </datafield>
   <datafield ind2=" " ind1=" " tag="720">
      <subfield code="a">Romanyà i Socoró, Joan</subfield>
      <subfield code="e">author</subfield>
   </datafield>
   <datafield ind2=" " ind1=" " tag="720">
      <subfield code="a">Vallecillo Rodríguez, Sara</subfield>
      <subfield code="e">author</subfield>
   </datafield>
   <datafield ind2=" " ind1=" " tag="720">
      <subfield code="a">Sebastià, Ma. T.</subfield>
      <subfield code="e">author</subfield>
   </datafield>
   <datafield ind2=" " ind1=" " tag="260">
      <subfield code="c">2016-11-24T08:25:58Z</subfield>
   </datafield>
   <datafield ind2=" " ind1=" " tag="260">
      <subfield code="c">2025-01-01</subfield>
   </datafield>
   <datafield ind2=" " ind1=" " tag="260">
      <subfield code="c">2011</subfield>
   </datafield>
   <datafield ind2=" " ind1=" " tag="520">
      <subfield code="a">Given the importance of root dynamics for&#xd;
soil C storage, the aim of this study was to analyze&#xd;
first the seasonal dynamics of belowground productivity&#xd;
and then the short-term effects of grazing&#xd;
exclosure on root dynamics in mountain grasslands.&#xd;
Soil coring and root ingrowth cores were used to&#xd;
assess belowground biomass (BGB) and productivity&#xd;
in grazed and ungrazed (grazing exclosures) plots in&#xd;
two mountain grasslands. Annual belowground production&#xd;
ranged from 472 to 590 gm−2, representing&#xd;
from 14 to 22% of the maximum root biomass&#xd;
measured over the year. Spring was the most&#xd;
productive season, accounting for more than 50% of&#xd;
total annual production, indicating that factors besides&#xd;
temperature may affect seasonal root dynamics.&#xd;
Although belowground production was much higher&#xd;
in the top 5 cm compared to deeper, the relative&#xd;
productivity rate (production-to-BGB ratio) and renewal&#xd;
time was higher at the subsurface (5–15 cm)&#xd;
layer. The contribution of the subsurface layer to total&#xd;
belowground production increased in spring, possibly&#xd;
due to occasional freezing events at the&#xd;
uppermost layer in the early growing season. The&#xd;
stronger seasonality in subsurface relative productivity&#xd;
rates may reflect depth-dependent changes in&#xd;
root characteristics and lifespan. Excluding grazing&#xd;
increased belowground productivity in summer, but&#xd;
its effects on BGB showed great variability&#xd;
between sites.</subfield>
   </datafield>
   <datafield ind2=" " ind1=" " tag="520">
      <subfield code="a">This study was funded by the Spanish Ministry of Science and Education (MEC) within the framework of the Carbopas (REN2002-04300-C02-02) project and by the European Comission under Carbomont project (EVK1- CT-2001-00125). This research was also supported by the Balangeis project (SUM2006-0030-CO2-02), Agroeco II (CGL2009-13497-CO2-02) and the Graccie project (Consolider Nº 22422) launched by the Spanish Ministry of Science and Technology.</subfield>
   </datafield>
   <datafield ind1="8" ind2=" " tag="024">
      <subfield code="a">http://hdl.handle.net/10459.1/58632</subfield>
   </datafield>
   <datafield tag="653" ind2=" " ind1=" ">
      <subfield code="a">Belowground biomass</subfield>
   </datafield>
   <datafield tag="653" ind2=" " ind1=" ">
      <subfield code="a">Grazing exclusion</subfield>
   </datafield>
   <datafield tag="653" ind2=" " ind1=" ">
      <subfield code="a">Mountain grasslands</subfield>
   </datafield>
   <datafield ind2="0" ind1="0" tag="245">
      <subfield code="a">Seasonal patterns of belowground biomass and productivity in mountain grasslands in the Pyrenees</subfield>
   </datafield>
</record></metadata></record></GetRecord></OAI-PMH>